000 00647nam a2200217 a 4500
999 _c2337
_d2337
001 2337
003 BD-JhCC
005 20171101120738.0
008 171101s1991 bg a|||| ||a| 000 0 ben d
035 _a(BD-JhCC)2337
040 _aBD-JhCC
_dBD-JhCC
041 _aben
082 _a891.443
_bHAQ 1991
100 _aহক, সৈয়দ শামসুল
245 _aমেঘ ও মেশিন /
_cসৈয়দ শামসুল হক
260 _aঢাকা :
_bমাওলা ব্রাদার্স,
_c১৯৯১.
300 _a64 p. :
_bill. ;
_c21 cm.
650 _aBengali Novel
942 _2ddc
_cBK